000 00542nam a2200181Ia 4500
008 151202s9999||||xx |||||||||||||| ||und||
082 _bPNVM-47135
100 _aओक जनार्दन.
245 _aचक्रव्यूह.
260 _b"मधुर प्रकाशन, पुणे."
260 _c1988
300 _a190
600 _aओक जनार्दन.
630 _aचक्रव्यूह.
700 _aओक जनार्दन.
730 _aचक्रव्यूह.
942 _cBOOK
999 _c1313085
_d1313082